Catálogo
 En Linea

Rosa Tavárez : (Registro nro. 50197)

Detalles MARC
000 -CABECERA
campo de control de longitud fija 01505nam a2200241 i 4500
003 - IDENTIFICADOR DEL NÚMERO DE CONTROL
campo de control DO-SdBNP
005 - FECHA Y HORA DE LA ÚLTIMA TRANSACCIÓN
campo de control 20251014132057.0
008 - DATOS DE LONGITUD FIJA--INFORMACIÓN GENERAL
campo de control de longitud fija 210809b2014 dr ac||| |||| 00| 0 spa d
040 ## - FUENTE DE LA CATALOGACIÓN
Centro catalogador/agencia de origen DO-SdBNP
Lengua de catalogación spa
Centro/agencia transcriptor BNPHU
Normas de descripción rda
041 ## - CÓDIGO DE LENGUA
Código de lengua del texto/banda sonora o título independiente spa
082 #4 - NÚMERO DE LA CLASIFICACIÓN DECIMAL DEWEY
Número de clasificación xxx
Número de documento/Ítem xxx
Número de edición 22
100 1# - ENTRADA PRINCIPAL--NOMBRE DE PERSONA
Nombre de persona Ditrén, Maria Elena,
Término indicativo de función/relación autor
Código de función/relación aut.
9 (RLIN) 79430
245 10 - MENCIÓN DE TÍTULO
Título Rosa Tavárez :
Resto del título "territorios de la pasión y la memoria" ; "1963 retrospectiva 2013" /
Mención de responsabilidad, etc. Maria Elena Ditrén.
264 #1 - PRODUCCIÓN, PUBLICACIÓN, DISTRIBUCIÓN, FABRICACIÓN Y COPYRIGHT
Producción, publicación, distribución, fabricación y copyright Santo Domingo :
Nombre del de productor, editor, distribuidor, fabricante Museo de Arte Moderno,
Fecha de producción, publicación, distribución, fabricación o copyright 2014.
300 ## - DESCRIPCIÓN FÍSICA
Extensión 332 páginas :
Otras características físicas ilustraciones ;
Dimensiones 27 cm.
336 ## - TIPO DE CONTENIDO
Término de tipo de contenido texto
Código de tipo de contenido txt
Fuente rdacontent
337 ## - TIPO DE MEDIO
Nombre/término del tipo de medio sin mediación
Código del tipo de medio n
Fuente rdamedia
338 ## - TIPO DE SOPORTE
Nombre/término del tipo de soporte volumen
Código del tipo de soporte nc
Fuente rdacarrier
500 ## - NOTA GENERAL
Nota general En español con traducción al inglés.
505 0# - NOTA DE CONTENIDO CON FORMATO
Nota de contenido con formato Introducción /
Mención de responsabilidad Maria Elena Ditrén --
Título Rosa Tavárez: territorios de la pasión y la memoria: 1963-retrospectiva-2013 /
Mención de responsabilidad Amable López Meléndez --
Título Rosa Tavárez, desde el imaginario de la alegría rural, hasta la obra concebida: testimonios para tiempos futuros /
Mención de responsabilidad Carlos Francisco Elías --
Título Rosa Tavárez:y la eterna persistencia /
Mención de responsabilidad Carlos Santos --
Título Mas allá del silencio y del olvido. Rosa Tavárez: un elocuente testimonio de cinco (5) décadas multi-disciplinarias /
Mención de responsabilidad Dionis Figueroa --
Título Obras tempranas --<br/>
-- Grabasista --
-- Singularidad, serialidad y serigrafía --<br/>
-- Su pintura --
-- Pasado, mitología e historia --<br/><br/><br/>
-- Curriculum --<br/>
-- Traducciones = Translations.
590 ## - NOTA LOCAL (RLIN)
Nota local Inventariado, 2021 /LP<br/>
942 ## - ELEMENTOS DE PUNTO DE ACCESO ADICIONAL (KOHA)
Fuente del sistema de clasificación o colocación Dewey Decimal Classification
Tipo de ítem Koha Libro
Existencias
Estado de retiro Estado de pérdida Fuente del sistema de clasificación o colocación Restricciones de uso No para préstamo Código de colección Localización permanente Ubicación/localización actual Ubicación en estantería Fecha de adquisición Fuente de adquisición Total de préstamos Signatura topográfica completa Código de barras Fecha visto por última vez Precio válido a partir de Tipo de ítem Koha Número de copia Nota pública
    Dewey Decimal Classification Excluido de préstamo   Patrimonio Dominicano Biblioteca Nacional Pedro Henríquez Ureña Biblioteca Nacional Pedro Henríquez Ureña En catalogación 09.08.2021 Depósito Legal   BNPHU PD 2021-25416 09.08.2021 09.08.2021 Libro    
    Dewey Decimal Classification Excluido de préstamo   Patrimonio Dominicano Biblioteca Nacional Pedro Henríquez Ureña Biblioteca Nacional Pedro Henríquez Ureña En catalogación 14.10.2025 Donación   BNPHU PD 2025-11855 14.10.2025 14.10.2025 Libro e.2 Perteneció a la biblioteca personal de Mónica Despradel.

Con tecnología Koha